Từ Đồng Quan đến Điện Biên

Gardado en:
Detalles Bibliográficos
Autor Principal: Lê, Trọng Tấn
Formato: Libro
Idioma:Undetermined
Publicado: Hà Nội Quân đội nhân dân 2002
Các nhãn: Engadir etiqueta
Sen Etiquetas, Sexa o primeiro en etiquetar este rexistro!
Thư viện lưu trữ: Trung tâm Học liệu Trường Đại học Cần Thơ
LEADER 00518nam a2200181Ia 4500
001 CTU_64527
008 210402s9999 xx 000 0 und d
020 |b 39000 
082 |a 959.704 
082 |b T121 
100 |a Lê, Trọng Tấn 
245 0 |a Từ Đồng Quan đến Điện Biên 
245 0 |c Lê, Trọng Tấn 
260 |a Hà Nội 
260 |b Quân đội nhân dân 
260 |c 2002 
910 |a Trang (sửa) 
980 |a Trung tâm Học liệu Trường Đại học Cần Thơ